Statistics for Modern-Day Countries ever in the Dutch Empire

Click here to take the quiz!

General Stats

  • This quiz has been taken 17 times
  • The average score is 13 of 22

Answer Stats

Answer% Correct
Indonesia
100%
Belgium
87%
Luxembourg
80%
United States
80%
India
73%
Netherlands
73%
Suriname
73%
United Kingdom
73%
Australia
67%
Brazil
67%
South Africa
67%
Malaysia
60%
New Zealand
60%
Guyana
47%
Angola
40%
Sri Lanka
40%
Taiwan
40%
Ghana
33%
Japan
33%
Trinidad and Tobago
33%
Mauritius
27%
Norway
27%

Score Distribution

Percentile by Number Answered

Percent of People with Each Score

Your Score History

You have not taken this quiz